Nos vemos en el cosmos (Registro nro. 15741)

000 -CABECERA
campo de control de longitud fija 01395nam a22002297a 4500
003 - IDENTIFICADOR DEL NÚMERO DE CONTROL
campo de control OSt
005 - FECHA Y HORA DE LA ÚLTIMA TRANSACCIÓN
campo de control 20241028150601.0
008 - DATOS DE LONGITUD FIJA--INFORMACIÓN GENERAL
campo de control de longitud fija 241028b ||||| |||| 00| 0 spa d
020 ## - NÚMERO INTERNACIONAL ESTÁNDAR DEL LIBRO
Número Internacional Estándar del Libro 9789585889170
040 ## - FUENTE DE LA CATALOGACIÓN
Centro/agencia transcriptor CO-Mq BPB
041 ## - CÓDIGO DE LENGUA
Código de lengua del texto/banda sonora o título independiente spa
082 ## - NÚMERO DE LA CLASIFICACIÓN DECIMAL DEWEY
Número de clasificación JN
Número de documento/Ítem CHEn
100 ## - ENTRADA PRINCIPAL--NOMBRE DE PERSONA
Nombre de persona Cheng, Jack
Término indicativo de función/relación autor
245 ## - MENCIÓN DE TÍTULO
Título Nos vemos en el cosmos
264 ## - PRODUCCIÓN, PUBLICACIÓN, DISTRIBUCIÓN, FABRICACIÓN Y COPYRIGHT
Producción, publicación, distribución, fabricación y copyright Bogotá, Colombia:
Nombre del de productor, editor, distribuidor, fabricante Penguin Random House,
Fecha de producción, publicación, distribución, fabricación o copyright 2017
300 ## - DESCRIPCIÓN FÍSICA
Extensión 319 páginas:
Otras características físicas Tapa rustica
Dimensiones 21 cm
521 ## - NOTA DE PÚBLICO DESTINATARIO
Nota de público destinatario Alex es un enamorado del cosmos y de las naves espaciales. Con solo once años, su sueño es emular a Carl Sagan y mandar su iPod al espacio, como su héroe mandó los discos de oro Sonidos de la Tierra a bordo de las naves Voyager en 1977.De Colorado a Nuevo México y de Las Vegas a L.A., Alex hará grabaciones de la Tierra, su tierra. En su viaje, sin rumbo fijo, se encontrará con gente perdida, divertida y excepcional que de alguna manera lo preparará para enfrentarse a la verdad sobre la muerte de su padre. Alex aprenderá que, a pesar de tener una madre problemática y un hermano casi siempre ausente, su familia está ahí para él, más de lo que pensaba. El objetivo de Alex era alcanzar el cosmos, pero su destino final será él mismo.
650 ## - PUNTO DE ACCESO ADICIONAL DE MATERIA--TÉRMINO DE MATERIA
Término de materia o nombre geográfico como elemento de entrada Literatura juvenil
650 ## - PUNTO DE ACCESO ADICIONAL DE MATERIA--TÉRMINO DE MATERIA
Término de materia o nombre geográfico como elemento de entrada Historia de felicidad, optimismo, determinación y corazón
650 ## - PUNTO DE ACCESO ADICIONAL DE MATERIA--TÉRMINO DE MATERIA
Término de materia o nombre geográfico como elemento de entrada Cosmos y naves espaciales
942 ## - ELEMENTOS DE PUNTO DE ACCESO ADICIONAL (KOHA)
Fuente del sistema de clasificación o colocación
Tipo de ítem Koha Libro Literatura
Existencias
Estado de retiro Estado de pérdida Fuente del sistema de clasificación o colocación Estado dañado No para préstamo Código de colección Localización permanente Ubicación/localización actual Ubicación en estantería Fecha de adquisición Fuente de adquisición Número de inventario Total de préstamos Signatura topográfica completa Código de barras Fecha visto por última vez Fecha del último préstamo Número de copia Precio válido a partir de Tipo de ítem Koha Nota pública
          Literatura Juvenil Biblioteca Pública San Juan Bosco Biblioteca Pública San Juan Bosco Literatura 28/10/2024 Donación NT 1 JN CHEn MOS503980 19/11/2024 07/11/2024 Ej.1 28/10/2024 Libro Literatura Quince dias

© Todos los derechos reservados para la Biblioteca Pública Municipal San Juan Bosco, 2020
Secretaria de Cultura de Mosquera
Carrera 3 N° 10 Esquina Centro Cultural Barrio El Carmén Teléfono: 8270830 Ext: 34
Funcionando con KOHA
Contacto: Biblioteca Pública Municipal San Juan Bosco/ bibliotecasanjuanbosco@mosquera-cundinamarca.gov.co
Mosquera, Cundinamarca